Technologies of the self : a seminar with Michel Foucault /

Bibliographic Details
Other Authors: Foucault, Michel, 1926-1984, Martin, Luther H., 1937-, Gutman, Huck, 1943-, Hutton, Patrick H.
Format: Book
Language:English
Published: Amherst : University of Massachusetts Press, [1988]
Subjects:

MARC

Tag First Indicator Second Indicator Subfields
LEADER 00000cam a22000008a 4500
001 in00000017621
005 20151007053448.0
008 870402s1988 mau b 00000 eng
010 |a  87010756  
020 |a 0870235923 (alk. paper) :  |c $22.50 
020 |a 0870235931 (pbk. : alk. paper) :  |c $9.95 
035 |a (OCoLC)15550013 
035 |9 AAB1735AM 
040 |a DLC  |c DLC  |d m/c  |d TXA  |d UtOrBLW 
049 |a TXAM  |c [A12611204] 
050 0 0 |a BD450  |b .T39 1988 
082 0 |a 126  |2 19 
245 0 0 |a Technologies of the self :  |b a seminar with Michel Foucault /  |c edited by Luther H. Martin, Huck Gutman, Patrick H. Hutton. 
263 |a 8802 
264 1 |a Amherst :  |b University of Massachusetts Press,  |c [1988] 
264 4 |c ©1988 
300 |a 166 pages 
336 |a text  |b txt  |2 rdacontent 
337 |a unmediated  |b n  |2 rdamedia 
338 |a volume  |b nc  |2 rdacarrier 
500 |a Includes bibliographies. 
650 0 |a Self (Philosophy) 
600 1 0 |a Foucault, Michel  |x Contributions in concept of the self. 
700 1 |a Foucault, Michel,  |d 1926-1984. 
700 1 |a Martin, Luther H.,  |d 1937- 
700 1 |a Gutman, Huck,  |d 1943- 
700 1 |a Hutton, Patrick H. 
999 |a MARS 
999 f f |s aaa206e7-c5ba-3888-96e3-92aac969b7f4  |i aeaf300c-3103-3c3b-b736-7d55417023fd  |t 0 
952 f f |p normal  |a Texas A&M University  |b College Station  |c Sterling C. Evans Library  |s Evans stk  |d Evans: Library Stacks  |t 0  |e BD450 .T39 1988  |h Library of Congress classification  |i unmediated -- volume  |m A14812611204 
998 f f |a BD450 .T39 1988  |t 0  |l Evans: Library Stacks